000 00812nam a22002777a 4500
001 4226
003 FISKH
005 20240705110603.0
008 240705b cb ||||| |||| 00| 0 eng d
020 _a9780545223256
040 _aFISKH
_beng
_cFISKH
_dFISKH
050 _aPZ7
082 _a428
100 _aBridwell, Norman
245 _aClifford's field day /
_cNorman Bridwell
250 _aThis edition printing, February 2012
260 _aNew York :
_bScholastic,
_c1996
300 _a30 unnumbered pages :
_bcolor illustrations ;
_c23 cm
505 _aG
520 _aClifford's fun-filled day with his friends.
521 8 _a400
_bLexile
521 8 _aG
_bRaz-Plus
650 _aClifford the Big Red Dog
_vFiction
_xField Day
_yDogs
942 _2ddc
_cBK
_n0
999 _c4226
_d4226